Company law (Record no. 9587)

MARC details
000 -LEADER
fixed length control field 00438cam a2200181ua 4500
008 - FIXED-LENGTH DATA ELEMENTS--GENERAL INFORMATION
fixed length control field 190322n ii |||gr||||Z||||||eng
020 ## - INTERNATIONAL STANDARD BOOK NUMBER
International Standard Book Number 9789327260472
040 ## - CATALOGING SOURCE
Transcribing agency MAIN
082 ## - DEWEY DECIMAL CLASSIFICATION NUMBER
Classification number 346.066
100 ## - MAIN ENTRY--PERSONAL NAME
Personal name K C Garg,
Relator term
245 ## - TITLE STATEMENT
Title Company law
260 ## - PUBLICATION, DISTRIBUTION, ETC.
Place of publication, distribution, etc. New Delhi:
Name of publisher, distributor, etc. Kalyani publishers,
Date of publication, distribution, etc. 2016.
700 ## - ADDED ENTRY--PERSONAL NAME
Personal name Vijay Gupta,
Relator term
700 ## - ADDED ENTRY--PERSONAL NAME
Personal name Joy Dhingra,
Relator term
942 ## - ADDED ENTRY ELEMENTS (KOHA)
Koha item type Books
653 ## - INDEX TERM--UNCONTROLLED
Uncontrolled term Private law
Holdings
Withdrawn status Lost status Damaged status Not for loan Home library Current library Shelving location Date acquired Total Checkouts Full call number Barcode Date last seen Date last checked out Copy number Price effective from Koha item type
        Naharkatiya College Library Naharkatiya College Library General Stacks 19/09/2020 2 346.066Company law | GAR 24262 09/07/2022 22/06/2022 1 19/09/2020 Books
        Naharkatiya College Library Naharkatiya College Library General Stacks 19/09/2020 1 346.066Company law | GAR 24263 30/07/2022 22/06/2022 2 19/09/2020 Books
        Naharkatiya College Library Naharkatiya College Library General Stacks 19/09/2020 2 346.066Company law | GAR 24264 05/07/2022 22/06/2022 3 19/09/2020 Books

Naharkatiya College © 2020. All rights reserved.

Powered By